Value Chains in Arts: Case Study of the Bratislava Region

Porovnanie firiem z oblastí hudobného, vizuálneho a hereckého umenia. Rola akcionárov, inštitúcií a ďalších prepojení v analýze hodnotového reťazca. Tvorcovia, vývojári a distribútori obsahu.

Gespeichert in:
Bibliographische Detailangaben
1. Verfasser: Belvončíková, Eva, 1975-
Format: Buchkapitel
Sprache:Englisch
Schlagworte:
Tags: Tag hinzufügen
Keine Tags, Fügen Sie das erste Tag hinzu!

MARC

LEADER 00000nla a2200000 4500
001 0200685
005 20240502073407.9
041 0 |a eng 
044 |a SK 
245 1 0 |a Value Chains in Arts: Case Study of the Bratislava Region  |c Eva Belvončíková 
520 |a Porovnanie firiem z oblastí hudobného, vizuálneho a hereckého umenia. Rola akcionárov, inštitúcií a ďalších prepojení v analýze hodnotového reťazca. Tvorcovia, vývojári a distribútori obsahu. 
610 2 0 |a priemysel kreatívny 
610 2 0 |a umenie 
100 1 |a Belvončíková, Eva, 1975-